000 00977nam a2200301 i 4500
001 14836
003 ES-MaACL
005 20230906150916.0
007 t|
008 990621s1999 sp |||| | spa d
020 _a84-922438-3-X
080 _a323.174(460.15)"19"
080 _a32(460.15)"19"
245 0 3 _aLa cuestión vasca
_b: claves de un conflicto cutural y político /
_cJosetxo Beriain, Roger Fernández Ubieta (coords.).
250 _a1ª ed.
260 _aBarcelona :
_bProyecto A,
_c1999.
300 _a271 p. ;
_c24 cm.
490 1 _aBiblioteca Episteme
490 1 _aLibros de la revista Anthropos
650 4 _aNacionalismo-
_zPaís Vasco.
_915458
651 4 _aPaís Vasco-
_xPolítica y gobierno.
_99158
700 1 _aBeriain, Josetxo.
_928023
700 1 _aFernández Ubieta, Roger.
_950129
830 0 _aBiblioteca Episteme
_9228541
830 0 _aLibros de la revista Anthropos
_9185774
852 _aES-MaACL
_jL-22081
999 _c14836
_d14836